BIBLIOTHÈQUE DE LA MAISON DU MEXIQUE

Logo 1 Logo 2

La revolución como nosotros la vimos (notice nᵒ 10298)

détails MARC
000 -Sello discográfico
campo de control de longitud fija 00869nam a2200277 4500
005 - Identificación de versión
campo de control 20251017062859.0
035 ## - Otros números de control del sistema
Número de control del sistema 9086
099 ## - fechas locales
Tipo de ítem Koha LIBRO
100 ## - Datos de procesamiento general
Datos de procesamiento general 20031222d1963 m y1spay5003 ba
105 ## - Campo de datos codificados: Material textual, monográfico
Datos codificados de monografía y 001zy
200 1# - Título y mención de responsabilidad
Título propio La revolución como nosotros la vimos
Designación general del material texto impreso
Primer mención de responsabilidad Jesús Romero Flores
210 ## - Publicación, distribución, etc.
Lugar de publicación, distribución, etc. México
Nombre del editor, distribuidor, etc. Manuel Casas, Impresor
Fecha de publicación, distribución, etc. 1963
215 ## - Descripción física
Designación de material específico y extensión del ítem 176 p
Dimensiones 23 cm
345 ## - Nota de información de adquisición
Fuente de adquisición/dirección de la suscripción [OBSOLETO] Donación
410 #1 - Series
Título Biblioteca del Instituto Nacional de Estudios Históricos de la Revolución Mexicana
Número de volumen 27
607 ## - Nombre geográfico utilizado como tema
Elemento de entrada México
Subdivisión temática Historia
Subdivisión cronológica Revolución, 1910-
Número Koha 1664
660 ## - Código de área geográfica
Código MX
700 ## - Nombre personal - Responsabilidad primaria
Elemento de entrada Romero Flores
Parte del nombre distinta del elemento de entrada Jesús
Fechas 1885-1987
Número Koha 7086
801 #0 - Fuente de origen
Agencia cm
900 ## -
-- 1/5657
900 ## -
-- 7100317419\221203
942 ## - ELEMENTOS DE ENTRADA SECUNDARIOS (KOHA)
Tipo de ítem Koha Livre
996 ## -
-- MEX
-- 751145101
-- MMAG
-- 010887
-- 972.092 R763RE
-- 20240809LIV
Exemplaires
Estatus retirado Estado de daño Estado de pérdida Fecha de adquisición Biblioteca de origen Biblioteca actual Ubicación en estantería Código de barras Precio de reemplazo Signatura topográfica completa No para préstamo Tipo de ítem Koha Nota pública Nota no pública
      05/08/2025 Casa México Paris Casa México Paris   010887 05/08/2025 972.092 R763RE   Livre 20240809LIV 751145101